00838cam a2200217Ia 4500020001500000040000800015082002600023100002100049245007900070250002000149260005300169300003500222520019100257650002200448650003200470650001700502650002000519650003400539650001900573650002800592 a140256385X cP@N a330 RBL 2003 A074 Or.1 aSchlosser, Eric.10aReefer madnessbsex, drugs, and cheap labor in the American black market / aLarge print ed. aPrince Frederick, Md. :bRB Large Print,cc2003. a499 p. (large print) ;c25 cm. aReports on America's "shadow" economy of illegal drugs, pornography, and illegal migrant workers, arguing that these underground industries continue to grow with government intervention. 0aLarge type books. 0aInformal sector (Economics) 0aBlack market 0aMarijuana abuse 0aMigrant agricultural laborers 0aIllegal aliens 0aSex oriented businesses